<?xml version="1.0" encoding="UTF-8"?>
<record
    xmlns:xsi="http://www.w3.org/2001/XMLSchema-instance"
    xsi:schemaLocation="http://www.loc.gov/MARC21/slim http://www.loc.gov/standards/marcxml/schema/MARC21slim.xsd"
    xmlns="http://www.loc.gov/MARC21/slim">

  <leader>00830nam a2200181Ia 4500</leader>
  <datafield tag="952" ind1=" " ind2=" ">
    <subfield code="0">0</subfield>
    <subfield code="1">0</subfield>
    <subfield code="4">0</subfield>
    <subfield code="7">0</subfield>
    <subfield code="a">04</subfield>
    <subfield code="b">04</subfield>
    <subfield code="d">2008-07-11</subfield>
    <subfield code="l">21</subfield>
    <subfield code="m">5</subfield>
    <subfield code="o">KJA147 G66</subfield>
    <subfield code="p">04 001462</subfield>
    <subfield code="r">2019-07-09</subfield>
    <subfield code="s">2019-07-09</subfield>
    <subfield code="t">1</subfield>
    <subfield code="w">2012-06-24</subfield>
    <subfield code="y">LB</subfield>
  </datafield>
  <datafield tag="999" ind1=" " ind2=" ">
    <subfield code="c">62103</subfield>
    <subfield code="d">62103</subfield>
  </datafield>
  <controlfield tag="008">120625s2007    mx      r     001 0 spa d</controlfield>
  <datafield tag="020" ind1=" " ind2=" ">
    <subfield code="a">9789706138545</subfield>
  </datafield>
  <datafield tag="050" ind1=" " ind2="4">
    <subfield code="a">KJA147 </subfield>
    <subfield code="b">G66 </subfield>
  </datafield>
  <datafield tag="100" ind1="1" ind2=" ">
    <subfield code="a">Gonz&#xE1;lez Rom&#xE1;n, H&#xE9;ctor</subfield>
    <subfield code="e"> , autor </subfield>
  </datafield>
  <datafield tag="245" ind1="1" ind2="0">
    <subfield code="a">Derecho Romano </subfield>
    <subfield code="c"> / H&#xE9;ctor Gonz&#xE1;lez Rom&#xE1;n </subfield>
  </datafield>
  <datafield tag="260" ind1=" " ind2=" ">
    <subfield code="a">M&#xE9;xico</subfield>
    <subfield code="b"> : Oxford </subfield>
    <subfield code="c"> , 2007</subfield>
  </datafield>
  <datafield tag="300" ind1=" " ind2=" ">
    <subfield code="a">xvii, 317 p&#xE1;ginas </subfield>
    <subfield code="c"> ; 23 cm. </subfield>
  </datafield>
  <datafield tag="504" ind1=" " ind2=" ">
    <subfield code="a">Bibliograf&#xED;a: pp. 307-308</subfield>
  </datafield>
  <datafield tag="505" ind1="0" ind2=" ">
    <subfield code="a">Introducci&#xF3;n al derecho romano 
De las personas 
La familia 
Derechos reales 
La adquisici&#xF3;n por sucesi&#xF3;n 
Teor&#xED;a de las obligaciones 
De los contratos 
Las otras clases de contratos 
Formas de extinci&#xF3;n de las obligaciones y las obligaciones correales 
El derecho procesal romano </subfield>
  </datafield>
  <datafield tag="519" ind1=" " ind2=" ">
    <subfield code="a">Material Complementario / </subfield>
    <subfield code="d">(04 001462) </subfield>
  </datafield>
  <datafield tag="650" ind1=" " ind2="4">
    <subfield code="a">DERECHO ROMANO </subfield>
  </datafield>
  <datafield tag="942" ind1=" " ind2=" ">
    <subfield code="c">LB</subfield>
  </datafield>
</record>
